000 00532nam a2200169Ia 4500
999 _c20545
_d20545
003 OSt
005 20200624144954.0
008 190216s9999||||xx |||||||||||||| ||und||
020 _a8176290009
040 _coclc
082 _a954.031092
_bGRO/R
100 _aGrover, Verinder
_92523
245 0 _aRaja Ram Mohun Roy A Biography Of His Vision And Ideas /
_cVerinder Grover
260 _bDeep&Deep Publications,
_c1998.
_aNewdelhi:
300 _a620p
942 _cBK
_2ddc
_h954.031092
_iGRO/R
_k954.031092
_mGRO/R